000 00269nam a2200109Ia 4500
008 190914s9999||||xx |||||||||||||| ||und||
100 _a Andrew B. Whinston
245 0 _aReadings In Electronic Commerce
260 _aLondon
_bAddison
_c1997
300 _a888
942 _cBK
999 _c8465
_d8465